ნორმალური ფორმატი
MARC ფორმატი
ჩანაწერი Personal Name
ჩანაწერთა რაოდენობა, რომელიც გამოყენებულია: 1
001 - CONTROL NUMBER
- control field: 8309
003 - CONTROL NUMBER IDENTIFIER
- control field: GE_BSU
005 - DATE AND TIME OF LATEST TRANSACTION
- control field: 20200606225614.0
008 - FIXED-LENGTH DATA ELEMENTS
- fixed length control field: 200606|| aca||aabn | a|a d
040 ## - CATALOGING SOURCE
- Original cataloging agency: GE_BSU
- Transcribing agency: GE_BSU
100 ## - HEADING--PERSONAL NAME
- Personal name: სალარიძე, ლელა
- Relator term: რედაქტორი
670 ## - SOURCE DATA FOUND
- Source citation: Work cat.: (GE_BSU)53159: გოგოლიშვილი, ოთარ. 930, ნაწილი 1: უცხოელი ავტორები XIX საუკუნის ბათუმის შესახებ (1804-1898წწ.) ნაწ. : 2.ბათუმის ოლქის ეკონომიკური განვითარება მე-20 საუკუნის პირველ ათწლეულში /
